| 000 | 00835cab a2200181 4500 | ||
|---|---|---|---|
| 001 | ##L131436 | ||
| 008 | 051017n2005 000 0 eng u | ||
| 035 | _a(Sirsi) u131436 | ||
| 041 | 0 | _aeng | |
| 100 | 1 | _aJansen, Mark | |
| 245 | 0 | 0 | _aRoom for debate.. |
| 260 | _c2005 | ||
| 490 | 0 |
_aProperty Week _v70(42) 21 October 2005, 72-74 |
|
| 520 | _aReport about the IPD "Lease Events Review", that indicates that property portfolios are undervalued by one to two percent, due to the fact that valuers overestimate the likelihood of the properties falling vacant. The researchers claim that tenants are more likely to stay in their properties rather than leave. Provides numerous graphs outlining the reports findings. | ||
| 590 | _aIKA081105 | ||
| 690 | _aPROPERTY-PROPERTY VALUATION AND APPRAISAL-VALUATION ACCURACY | ||
| 942 | _n0 | ||
| 999 |
_c104761 _d104761 |
||